| 000 | 00738nam a22001577a 4500 | ||
|---|---|---|---|
| 003 | OSt | ||
| 005 | 20150923140051.0 | ||
| 008 | 150923b xxu||||| |||| 00| 0 eng d | ||
| 040 | _cRUA | ||
| 082 | _aAGR HOU 2007 B034 Or.1 | ||
| 100 |
_91183 _aHOUENG, MAKARA. |
||
| 245 | _aStudy on farmer's pesticide use on rice crop in cherteal commune, banan district, battambang province សិក្សាអំពីការប្រើប្រាស់ថ្នាំកសិកម្មរបស់កសិករលើដំស្រូវក្នុងឃុំឈើទាល ស្រុកបាណន់ ខេត្តបាត់ដំបង | ||
| 260 |
_aPhnom Penh _bRUA _c2007 |
||
| 300 |
_axii, 50p. _bill. _c29cm. |
||
| 942 |
_2ddc _cAGR |
||
| 999 |
_c1126 _d1126 |
||